Responses for Show #2274 - Thursday, June 23, 1994

Contestants

[<< previous game]

Kathleen Gulley, a systems administrator from New York City, New York

Michael Theobald, a movie story analyst from Los Angeles, California

Elliot Cohen, a researcher from Oakland, California (whose 1-day cash winnings total $16,600)

[next game >>]

Jeopardy! Round responses

1971
SPORTS
MUSEUMS
LAKES
FASHION
SPANISH WORDS & PHRASES
    $100 6
China

Elliot
    $100 16
the Davis Cup

Kathleen
    $100 1
Kentucky

Kathleen
    $100 20
the Great Salt Lake

Michael
    $100 17
King Tut

Kathleen
    $100 11
please

Michael
    $200 7
Amtrak

Michael
    $200 27
(women's) figure skating

Michael
    $200 2
Chicago

Kathleen
    $200 21
Loch Ness

Kathleen
    $200 18
her hairdo

Elliot
    $200 12
an orange

Michael
    $300 8
Uganda

Elliot
    $300 28
the Montreal Canadiens

Elliot
    $300 3
the Victoria and Albert

Kathleen
    $300 24
Missouri

Elliot
    $300 19
corsets

Michael
    $300 13
Algeria

Kathleen
    $400 9
Tito

Michael
    $400 29
the Chicago Bears

Michael
    $400 4
(Michael: What is St. Petersburg?)

St. Augustine

ElliotMichael
    $400 25
Ontario

Kathleen
    $400 22
earrings

Michael
    $400 14
a headache

Michael
    $700 10
All Things Considered

Michael
    $500 30
The Masters

Michael
    $500 5
William Paley

Michael
    $500 26
Lake Pontchartrain

Elliot
    $500 23
Mary Quant

Elliot
    $500 15
(Michael: [*].)
(Alex: And the phrasing... the phrasing... oh, forget it. I'll tell them about it during the commercial break, which we will take right now. Phrase it in the form of a question, Michael.)

I have nothing to declare

Michael

Scores at the first commercial break (after clue 15):

Elliot Michael Kathleen
$800 $2,600 $900

Scores at the end of the Jeopardy! Round:

Elliot Michael Kathleen
$2,600 $4,500 $1,700

Double Jeopardy! Round responses

PEOPLE IN HISTORY
LABOR
LITERATURE
MARINE BIOLOGY
WORLD FACTS
HITCHCOCK
    $200 6
John Cabot

Kathleen
    $200 21
benefits

Kathleen
    $200 11
Harriet Beecher Stowe

Kathleen
    $200 23
swallow them (or eat them)

Kathleen
    $200 16
the national anthem

Michael
    $200 1
(Kathleen: What is MGM?)

Universal

MichaelKathleen
    $400 7
the Declaration of Independence

Kathleen
    $400 22
the National Labor Relations Board

Michael
    $400 12
Odysseus

Kathleen
    $400 26
seaweed

Michael
    $400 17
Santo Domingo

Elliot
    $400 2
James Stewart

Michael
    $600 8
Mary, Queen of Scots

Michael
    $600 24
Mother Jones

Michael
    $600 13
Pilgrim's Progress

Kathleen
    $600 27
(Michael: What is a needlefish?)

the elephant seal

ElliotMichael
    $600 18
(Michael: What is a German?)

Austria

Michael
Triple Stumper
    $600 3
Cinderella

Elliot
    $800 9
the Ming Dynasty

Michael
    $1,500 25
(Michael: What is Pan Am?)
(Alex: Oh, no. Pan Am was long gone by November of 1993. [*] is the airlines in question here.)

American Airlines

Michael
    $2,000 14
"The Devil and Daniel Webster"

Kathleen
    $800 28
a sand dollar

Kathleen
    $800 19
Liechtenstein

Elliot
    $800 4
Joan Fontaine

Elliot
    $1000 10
Luxembourg

Elliot
    $1000 30
(Alex: They can take off up to [*] weeks for childbirth. They don't say whether it's the mother or the father
who can do that. I would try to take off the time.)

12

Triple Stumper
    $1000 15
William Faulkner

Kathleen
    $1000 29
a coelacanth

Michael
    $1000 20
Java

Elliot
    $1000 5
Marlene Dietrich

Michael

Scores at the end of the Double Jeopardy! Round:

Elliot Michael Kathleen
$7,800 $7,400 $7,500

[wagering suggestions for these scores]

Final Jeopardy! Round responses

RULERS
MichaelWhat is Cambodia
$7,399
KathleenWhat is Brunei?
$7,301
ElliotWhat is Saudi Arabia
$7,501
Saudi Arabia

Final scores:

Elliot Michael Kathleen
$15,301 $1 $199
2-day champion: $31,901 3rd place: Krups kitchen appliance package 2nd place: Lane Venture wicker sleigh bed + Lane Venture vanity & bench

Game dynamics:

Coryat scores:

Elliot Michael Kathleen
$7,800 $8,700 $6,300
15 R,
0 W
24 R
(including 1 DD),
4 W
(including 1 DD)
18 R
(including 1 DD),
1 W

Combined Coryat: $22,800

[game clues] [game scores] [suggest correction]

Game tape date: 1994-02-08
The J! Archive is created by fans, for fans. Scraping, republication, monetization, and malicious use prohibited; this site may use cookies and collect identifying information. See terms. The Jeopardy! game show and all elements thereof, including but not limited to copyright and trademark thereto, are the property of Jeopardy Productions, Inc. and are protected under law. This website is not affiliated with, sponsored by, or operated by Jeopardy Productions, Inc. Join the discussion at JBoard.tv.